000 01019nam a2200229Ii 4500
003 JO-AjNU
008 230605s9999||||xx |||||||||||||| ||und||
017 _a1977/4722
020 _a977-247-70-5
040 _aJO-AjNU
_bara
_erda
_cJO-AjNU
041 _aara
050 1 4 _aPJ6161.J3 1977
100 3 _aتأليف الجارم،علي؛ م.مشارك مصطفى أمين,
_eauthor
_917808
245 0 0 _aدليل البلاغة العربية الواضحة البيان والمعاني والبديع للمدراس الثانوية وهو يشتمل على حل جميع التمرينات التي تضمنها كتاب البلاغة الواضحة في اسلوب أدبي واضح
250 _aط10
264 3 1 _aبيروت: دار المعارف، 1977
300 _a160ص
336 _atext
_btxt
_2rdacontent
337 _aunmediated
_bn
_2rdamedia
338 _avolume
_bnc
_2rdacarrier
650 4 _aاللغة العربية-البلاغة الواضحة-البيان-المعاني-البديع
_917809
999 _aA5579
_c9147
_d9147